000 00675nam a2200193 a 4500
001 000028134
005 20250123122253.0
008 110406s1976 dr 000 0 spa d
040 _aDO-SdBNP
_bspa
_cBNPHU
082 _axxx
_bF438n
100 1 _aFiallo Billini, José Antinoe
_d1944-
_910159
245 1 0 _aNueva estrategia universitaria para la liberación nacional /
_cJosé Antinoe Fiallo Billini.
260 _aSanto Domingo :
_bUASD,
_c1976.
300 _a23 p. ;
_c22 cm.
490 1 _aConferencia, no. 33
_aPublicaciones de la UASD
_v204
504 _aBibliografía : p. 21-23
830 0 _aConferencia, no. 33 ;
_pPublicaciones de la UASD
_v204
_955136
049 _aBNPD
999 _c27626
_d27626